00503 2200181 4500001002100000005001500021035002000036245006900056100001900125260004400144300002600188020002200214084001400236082000800250650001000258008004100268990001200309INLIS00000000000270820251007091604 a0010-09250000551 aMira Lesmana : Menjadi Kreatif Didunia Kreatif /cYugha Erlangga aYugha Erlangga aJakarta :bEsensi Erlangga Group,c2021 a149 ;c(14,5 x 21 cm) a978-623-7478-27-0 a000 YUG m a000 4aFiksi251007 0  a0754910